[Event "GRE-ch Online Rapid op 1st"]
[Site "Tornelo INT"]
[Date "2021.02.06"]
[Round "2"]
[White "Panagiotopoulos, Anastasios"]
[Black "Maniati, Konstantina"]
[Result "0-1"]
[WhiteElo "1225"]
[BlackElo "1131"]
[PlyCount "58"]
[EventDate "2021.02.06"]
[EventType "swiss (rapid)"]
[EventRounds "8"]
[EventCountry "GRE"]
[SourceTitle "EXT 2023"]
[Source "ChessBase"]
[SourceDate "2022.10.05"]
[SourceVersion "1"]
[SourceVersionDate "2022.10.05"]
[SourceQuality "1"]

1. d4 d5 2. c4 c6 3. Nc3 Nf6 4. Nf3 e6 5. Bg5 Nbd7 6. e3 Be7 7. Bd3 dxc4 8. Bxc4 b5 9. Bd3 a6 10. 0-0 c5 11. Re1 0-0 12. Qb1 Bb7 13. e4 cxd4 14. Nxd4 Nc5 15. b4 Qxd4 16. bxc5 Qxc3 17. Rc1 Qa5 18. e5 Nd5 19. Bxh7+ Kh8 20. Bxe7 Nxe7 21. Qd3 Nf5 22. Bxf5 exf5 23. Qxf5 Rac8 24. Qh5+ Kg8 25. h3 b4 26. Qe2 Rxc5 27. e6 Re5 28. Qg4 Rxe6 29. Rc7 Qxc7 0-1